| 000 | 00635 a2200205 4500 | ||
|---|---|---|---|
| 005 | 20240520143056.0 | ||
| 010 | _aB-759120 | ||
| 020 |
_a9780143333548 _c199.00 |
||
| 035 | _aB-759120 | ||
| 037 | _bGift | ||
| 082 | _aS | ||
| 100 |
_aKalam,A.P.J Abdul _966472 |
||
| 245 |
_aReignite/ _cA.P.J Abdul kalam & Srijan Pal Singh |
||
| 260 |
_aGurugram _bHechette Book Publishing India Pvt. Ltd. _c2022 |
||
| 270 |
_a4th & 5th Floors, Corporate Centre Plot no.94 Sector-44 _bGurugram _e122003 |
||
| 300 |
_a257 p. _c21 cm(Pb) |
||
| 700 |
_aSrijan Pal Singh _966471 |
||
| 942 |
_adpl _cCH _2ddc _hS _mKAL |
||
| 999 |
_c203023 _d203023 |
||